[Event "Elit(Vasteras-Rockaden,Sthlm)"]
[Site "?"]
[Date "2012.01.14"]
[Round "4"]
[White "Nilsson, Andre"]
[Black "Barkhagen, Jonas"]
[Result "0-1"]
[WhiteElo "2325"]
[BlackElo "2503"]
[PlyCount "102"]

1. g3 e5 2. Bg2 Nf6 3. d3 Bc5 4. Nf3 d6 5. c3 O-O 6. d4 Bb6 7. dxe5 Ng4 8. O-O
Nxe5 9. Nxe5 dxe5 10. Qxd8 Rxd8 11. Na3 c6 12. Nc4 Bc7 13. Be3 Be6 14. Nd2 Bb6
15. Rfd1 Bxe3 16. fxe3 Nd7 17. Ne4 f6 18. b3 Kf8 19. Rd2 Ke7 20. Rad1 a5 21. c4
a4 22. h4 Rab8 23. Kh2 b5 24. cxb5 cxb5 25. Bh3 Bxh3 26. Kxh3 Nb6 27. Nc3 b4
28. Nxa4 Nxa4 29. bxa4 Rxd2 30. Rxd2 Ra8 31. e4 Rxa4 32. Kg2 h5 33. Kf3 Ke6 34.
e3 g6 35. Ke2 f5 36. exf5+ Kxf5 37. Kf3 e4+ 38. Kf2 Kg4 39. Kg2 Ra3 40. Rf2 g5
41. hxg5 Kxg5 42. Rb2 Kg4 43. Kf2 Ra8 44. Kg2 Rc8 45. Rf2 Kg5 46. Rf4 Rc2+ 47.
Kh3 Rxa2 48. Rxe4 b3 49. Rb4 b2 50. Rb5+ Kf6 51. Kh4 b1=Q 0-1

[Event "Elit(Vasteras-Rockaden,Sthlm)"]
[Site "?"]
[Date "2012.01.14"]
[Round "4"]
[White "Hermansson, Emil"]
[Black "Eriksson, Anders"]
[Result "1/2-1/2"]
[WhiteElo "2445"]
[BlackElo "2312"]
[PlyCount "66"]

1. e4 c6 2. d4 d5 3. Nd2 dxe4 4. Nxe4 Nd7 5. Ng5 Ngf6 6. Bd3 e6 7. N1f3 Bd6 8.
Qe2 h6 9. Ne4 Nxe4 10. Qxe4 Nf6 11. Qe2 b6 12. Bd2 Bb7 13. O-O-O Qc7 14. Ne5
O-O-O 15. f4 c5 16. dxc5 Bxc5 17. Rhf1 Kb8 18. g4 Nd5 19. g5 hxg5 20. fxg5 f6
21. Ng4 f5 22. Ne5 Rh3 23. Nc4 Bc8 24. Qe5 Rdh8 25. Rde1 Qxe5 26. Rxe5 Rxh2 27.
Bxf5 exf5 28. Rxd5 Rh1 29. Bf4+ Kb7 30. Rdd1 Rxf1 31. Rxf1 Be6 32. Ne5 Rh4 33.
Nd3 Kc6 1/2-1/2

[Event "Elit(Vasteras-Rockaden,Sthlm)"]
[Site "?"]
[Date "2012.01.14"]
[Round "4"]
[White "Norberg, Erik"]
[Black "Zadruzny, Nicolaj"]
[Result "0-1"]
[WhiteElo "2234"]
[BlackElo "2342"]
[PlyCount "98"]
[EventDate "2012.??.??"]

1. c4 c5 2. g3 g6 3. Bg2 Bg7 4. e3 Nc6 5. Ne2 e5 6. Nbc3 Nge7 7. a3 O-O 8. O-O
d6 9. Rb1 a5 10. b3 Rb8 11. Bb2 Be6 12. Nd5 b5 13. Nec3 b4 14. axb4 axb4 15.
Nxe7+ Nxe7 16. Na4 Bf5 17. d3 Qd7 18. Re1 h5 19. Ra1 Nc6 20. Qd2 h4 21. f3 hxg3
22. hxg3 Be6 23. Kf2 f5 24. f4 Bf6 25. Rh1 Kg7 26. Qe2 Qc7 27. Rh2 Na5 28. Rah1
Rh8 29. Rxh8 Rxh8 30. Rxh8 Kxh8 31. d4 Bd7 32. dxe5 dxe5 33. fxe5 Bxe5 34. Nb6
Bc6 35. Nd5 Qd6 36. g4 Bxd5 37. Bxd5 fxg4 38. Kg2 Bxb2 39. Qxb2+ Kh7 40. Qa1
Nxb3 41. Qa2 Nc1 42. Qc2 b3 43. Qxc1 Qe5 44. Kf2 Kg7 45. Ke2 g3 46. Kd3 b2 47.
Qf1 Kh6 48. Be4 g2 49. Bxg2 Qf5+ 0-1

[Event "Elit(Vasteras-Rockaden,Sthlm)"]
[Site "?"]
[Date "2012.01.14"]
[Round "4"]
[White "Nordebrink, Johan"]
[Black "Henriksson, Jacob"]
[Result "1-0"]
[WhiteElo "2150"]
[BlackElo "2321"]
[PlyCount "89"]
[EventDate "2012.??.??"]

1. e4 e5 2. Nf3 Nc6 3. d4 exd4 4. Nxd4 Nf6 5. Nc3 Bb4 6. Nxc6 bxc6 7. Bd3 d5 8.
e5 Ng4 9. Bf4 g5 10. Bg3 Qe7 11. O-O h5 12. Be2 Nxe5 13. Nxd5 cxd5 14. Qxd5 O-O
15. Qxe5 Bg4 16. Bxg4 Qxe5 17. Bxe5 hxg4 18. c3 Bd6 19. Bxd6 cxd6 20. Rad1 Rab8
21. b3 Rb6 22. Rfe1 Rc8 23. c4 Rc5 24. Re8+ Kg7 25. Rd8 Re5 26. Kf1 Ra6 27. a4
Rb6 28. Rd3 Re6 29. a5 Ra6 30. Rd5 Kf6 31. Rd7 Kg6 32. b4 f6 33. Rd4 Kf5 34.
Rc7 Re4 35. Rd2 Ke6 36. Ra2 d5 37. b5 Rd6 38. c5 Rd8 39. Rxa7 d4 40. Re2 Kd5
41. Rxe4 Kxe4 42. c6 Rd5 43. Re7+ Kd3 44. c7 Rc5 45. b6 1-0

[Event "Elit(Solna-Team Viking)"]
[Site "?"]
[Date "2012.01.14"]
[Round "4"]
[White "Berczes, David"]
[Black "Lindberg, Bengt"]
[Result "1/2-1/2"]
[WhiteElo "2583"]
[BlackElo "2460"]
[PlyCount "140"]
[SourceDate "2012.01.27"]

1. Nf3 Nf6 2. c4 c5 3. Nc3 e6 4. g3 b6 5. Bg2 Bb7 6. O-O Be7 7. d4 cxd4 8. Qxd4
d6 9. Bg5 a6 10. Bxf6 Bxf6 11. Qf4 Ra7 12. Rfd1 Be7 13. Ne4 Bxe4 14. Qxe4 O-O
15. Nd4 Rc7 16. b3 Bf6 17. a4 Rc5 18. e3 Qc7 19. Qb1 Rc8 20. Ra2 g6 21. Rad2
Be7 22. Bf1 Nc6 23. b4 Nxd4 24. exd4 Rxc4 25. Bxc4 Qxc4 26. d5 e5 27. Qd3 Qxb4
28. Qxa6 Rc5 29. Qa8+ Kg7 30. Qe8 Bg5 31. Rd3 Ra5 32. h4 Bf6 33. Rc1 Qxa4 34.
Qxa4 Rxa4 35. Rc6 e4 36. Rd1 Be5 37. Rxb6 e3 38. fxe3 Bxg3 39. Rf1 Ra7 40. Kg2
Be5 41. Rc6 h5 42. Rfc1 Ra4 43. R6c4 Ra5 44. Rd1 Ra2+ 45. Kg1 Bh2+ 46. Kh1 Bg3
47. Rc7 Bxh4 48. Rd7 Ra6 49. Rc1 Bf6 50. Rcc7 Ra1+ 51. Kg2 Be5 52. Rxf7+ Kh6
53. Rh7+ Kg5 54. Kf3 Rd1 55. Ke4 h4 56. Rce7 Kg4 57. Rxe5 dxe5 58. Kxe5 g5 59.
e4 h3 60. d6 Kg3 61. d7 g4 62. Ke6 h2 63. e5 Kg2 64. Ke7 h1=Q 65. Rxh1 Kxh1 66.
d8=Q Rxd8 67. Kxd8 g3 68. e6 g2 69. e7 g1=Q 70. e8=Q Qd4+ 1/2-1/2

[Event "Elit(Solna-Team Viking)"]
[Site "?"]
[Date "2012.01.14"]
[Round "4"]
[White "Jonsson, Mikael"]
[Black "Berg, Emanuel"]
[Result "0-1"]
[WhiteElo "2367"]
[BlackElo "2569"]
[PlyCount "60"]

1. d4 Nf6 2. c4 g6 3. Nc3 Bg7 4. e4 d6 5. Be2 O-O 6. Nf3 e5 7. Be3 Nbd7 8. dxe5
dxe5 9. Nd2 c6 10. c5 Qe7 11. Qa4 Rd8 12. Qa5 Nf8 13. f3 Nh5 14. O-O Nf4 15.
Kh1 Be6 16. b3 b6 17. cxb6 axb6 18. Qxb6 Nd7 19. Qc7 Rdc8 20. Qb7 Qd8 21. Bxf4
exf4 22. Rac1 Nc5 23. Qb4 Qxd2 24. Qxc5 Bxc3 25. Qxc3 Qxe2 26. a4 Rd8 27. Rfe1
Qa2 28. Qxc6 Rac8 29. Qb6 Qd2 30. Rb1 Rd4 0-1

[Event "Elit(Solna-Team Viking)"]
[Site "?"]
[Date "2012.01.14"]
[Round "4"]
[White "Semcesen, Daniel"]
[Black "Lindborg, Petter"]
[Result "1-0"]
[WhiteElo "2472"]
[BlackElo "2142"]
[PlyCount "133"]

1. d4 e6 2. c4 f5 3. Nc3 Nf6 4. Nf3 Bb4 5. Qb3 c5 6. a3 Bxc3+ 7. Qxc3 Ne4 8.
Qd3 Qa5+ 9. Nd2 Nc6 10. f3 Nf6 11. dxc5 Qxc5 12. b4 Qe7 13. Bb2 d6 14. e4 O-O
15. Be2 Nh5 16. g3 f4 17. Nf1 Ne5 18. Qc3 Ng6 19. O-O-O e5 20. g4 Nf6 21. Qd3
Rd8 22. Nd2 Be6 23. Kb1 a5 24. b5 a4 25. Bc3 Nd7 26. Bb4 Nc5 27. Qc2 Nf8 28.
Kb2 Bf7 29. Nb1 Nfe6 30. Qc3 Nd4 31. Rxd4 exd4 32. Qxd4 Nb3 33. Qc3 Rac8 34.
Rd1 b6 35. Nd2 Nc5 36. Nf1 Rc7 37. Qd4 Qe6 38. Nd2 Qe5 39. Bc3 Qxd4 40. Bxd4
Rb7 41. Nb1 Nb3 42. Nc3 Na5 43. Nxa4 Bxc4 44. Bxc4+ Nxc4+ 45. Kb3 Rc8 46. Kb4
Ra8 47. Kxc4 Rxa4+ 48. Kb3 Rba7 49. Bb2 R4a5 50. a4 Rxa4 51. Rxd6 R4a5 52. Rxb6
Rd7 53. Bc3 Rd3 54. Kc4 Rxc3+ 55. Kxc3 Ra3+ 56. Kd4 Rxf3 57. Ke5 Rf1 58. g5 Kf7
59. Kf5 f3 60. Rb7+ Ke8 61. Ke6 Kd8 62. Rf7 f2 63. e5 g6 64. b6 Kc8 65. h4 Rb1
66. Rf8+ Kb7 67. Rxf2 1-0

[Event "Elit(Solna-Team Viking)"]
[Site "?"]
[Date "2012.01.14"]
[Round "4"]
[White "Bjarnehag, Peter"]
[Black "Degerman, Lars"]
[Result "1/2-1/2"]
[WhiteElo "2181"]
[BlackElo "2453"]
[PlyCount "78"]

1. Nf3 Nf6 2. c4 e6 3. g3 d5 4. d4 dxc4 5. Bg2 Nc6 6. Qa4 Bb4+ 7. Bd2 Nd5 8.
Bxb4 Ndxb4 9. O-O Rb8 10. Nc3 Bd7 11. Qb5 Nc2 12. Rad1 N2xd4 13. Nxd4 Nxd4 14.
Qxc4 Nf5 15. e4 Nd6 16. Qd4 f6 17. Qxa7 O-O 18. Qd4 e5 19. Qd3 Ra8 20. Rfe1 Be6
21. b3 Ra5 22. Rd2 Qa8 23. Rc1 Rf7 24. Bf1 Qa7 25. Qc2 Qc5 26. Qb2 Qb4 27. f3
Rd7 28. Nb1 Rc5 29. Rxc5 Qxc5+ 30. Kg2 Qe3 31. Qc3 Qb6 32. Rc2 Kf7 33. Nd2 Ke7
34. Nc4 Nxc4 35. Bxc4 Qc5 36. Bxe6 Qxc3 37. Rxc3 Kxe6 38. Rc2 c6 39. Kf2 Rd4
1/2-1/2

[Event "Elit(Solna-Team Viking)"]
[Site "?"]
[Date "2012.01.14"]
[Round "4"]
[White "Bergstrom, Peter"]
[Black "Branca, Rui"]
[Result "1-0"]
[WhiteElo "2369"]
[BlackElo "2079"]
[PlyCount "89"]

1. e4 c6 2. d4 d5 3. Nc3 dxe4 4. Nxe4 Nf6 5. Nxf6+ gxf6 6. c3 Bf5 7. Nf3 e6 8.
Bf4 Bd6 9. Qd2 Qe7 10. Bxd6 Qxd6 11. Bd3 Bxd3 12. Qxd3 Nd7 13. O-O-O O-O-O 14.
g3 Ne5 15. Nxe5 fxe5 16. Qe4 exd4 17. Rxd4 Qc5 18. Rhd1 Rxd4 19. Qxd4 Qxd4 20.
Rxd4 h5 21. Ra4 a6 22. Rh4 Kd7 23. Kd2 f5 24. Kd3 e5 25. Kc4 Kd6 26. a4 b5+ 27.
Kb4 c5+ 28. Ka5 Kc6 29. h3 bxa4 30. Kxa4 Kd5 31. b4 cxb4 32. cxb4 Rh6 33. Kb3
Rh8 34. g4 fxg4 35. hxg4 Rf8 36. gxh5 Rxf2 37. h6 Rf8 38. h7 Rh8 39. Kc3 Ke6
40. Kd3 Kf5 41. Ke3 Kg5 42. Rh1 Kf5 43. Rh2 Kg5 44. Ke4 Kf6 45. Rh1 1-0

[Event "Elit(Solna-Team Viking)"]
[Site "?"]
[Date "2012.01.14"]
[Round "4"]
[White "Wallgren, Ulf"]
[Black "Agrest, Inna"]
[Result "1-0"]
[WhiteElo "2073"]
[BlackElo "2345"]
[PlyCount "139"]

1. e4 e5 2. Nf3 Nc6 3. Bb5 a6 4. Ba4 Nf6 5. O-O b5 6. Bb3 Bc5 7. d3 d6 8. c3
O-O 9. Bg5 h6 10. Bh4 Bb6 11. Nbd2 Be6 12. Re1 Kh7 13. Nf1 Rg8 14. Bc2 g5 15.
Bg3 Bg4 16. Ne3 Bh5 17. Nf5 Nd7 18. d4 Qf6 19. Qd3 Rad8 20. a4 Ne7 21. Nxe7
Qxe7 22. axb5 axb5 23. Rad1 f6 24. Re3 Nf8 25. Qxb5 Ng6 26. Rd2 Nf4 27. Ne1 Ra8
28. Bd1 Be8 29. Qf1 Ne6 30. Nc2 c5 31. dxe5 dxe5 32. Re1 Rd8 33. Rxd8 Qxd8 34.
f3 Nf4 35. Bxf4 gxf4 36. Qe2 Bd7 37. Kh1 f5 38. Na3 Qg5 39. Bc2 Bd8 40. exf5
Bf6 41. Be4 Qh5 42. Rd1 Be8 43. Nb5 Bh4 44. Nc7 Ba4 45. Ra1 Bd7 46. Ne6 Kh8 47.
Ra7 Be8 48. f6 Bg6 49. Qd3 Bxf6 50. Bxg6 Rxg6 51. Ra8+ Rg8 52. Ra7 Bg7 53. Nxg7
Rxg7 54. Qd8+ Kh7 55. Rxg7+ Kxg7 56. Qe7+ Kg8 57. Qxc5 Qf5 58. Qd5+ Kf8 59. Qe4
Qd7 60. Qe2 Qd5 61. h3 Qd6 62. b4 Qc7 63. c4 Qb8 64. b5 Qd6 65. Kh2 Qd4 66. Qc2
Qc5 67. Qb2 Qe7 68. b6 Qg5 69. Kh1 e4 70. b7 1-0

[Event "Elit(Eksjo-Team Viking)"]
[Site "?"]
[Date "2012.01.15"]
[Round "6"]
[White "Carlsson, Pontus"]
[Black "Gdanski, Jacek"]
[Result "1/2-1/2"]
[WhiteElo "2618"]
[BlackElo "2591"]
[PlyCount "47"]
[EventDate "2012.??.??"]
[SourceDate "2012.01.18"]

1. e4 e6 2. d4 d5 3. Nd2 c5 4. exd5 Qxd5 5. Ngf3 cxd4 6. Bc4 Qd6 7. O-O Nf6 8.
Nb3 Nc6 9. Nbxd4 Nxd4 10. Nxd4 Bd7 11. c3 Qc7 12. Qe2 Bd6 13. Nb5 Bxb5 14.
Bxb5+ Ke7 15. g3 Rhd8 16. Re1 Kf8 17. Qf3 Rab8 18. a4 Kg8 19. Bg5 Be7 20. Bf4
Bd6 21. Bg5 Be7 22. Rad1 Rxd1 23. Rxd1 Rd8 24. Rxd8+ 1/2-1/2

[Event "Elit(Eksjo-Team Viking)"]
[Site "?"]
[Date "2012.01.15"]
[Round "6"]
[White "Agrest, Evgenij"]
[Black "Bejtovic, Jasmin"]
[Result "1-0"]
[WhiteElo "2714"]
[BlackElo "2460"]
[PlyCount "129"]
[EventDate "2012.??.??"]

1. Nf3 c5 2. c4 Nf6 3. Nc3 g6 4. d4 cxd4 5. Nxd4 Nc6 6. Nc2 Bg7 7. g3 O-O 8.
Bg2 d6 9. O-O Bd7 10. b3 Qa5 11. Bd2 Rfc8 12. Rc1 Qd8 13. Ne3 a6 14. Ned5 b5
15. Be3 Rab8 16. Nxf6+ Bxf6 17. Nd5 Bg7 18. c5 dxc5 19. Bxc5 Be6 20. Nb6 Rc7
21. Qxd8+ Nxd8 22. Be3 Be5 23. Nd5 Rxc1 24. Rxc1 Bd6 25. Bg5 f6 26. Bf4 Bxf4
27. gxf4 Kf8 28. Nc7 Rb6 29. Nxe6+ Nxe6 30. e3 b4 31. Rc8+ Kg7 32. Bd5 f5 33.
Bc4 Rd6 34. Kf1 Kf6 35. h4 Nd8 36. Ke1 a5 37. Ra8 Nc6 38. Bb5 h6 39. Ba4 Kf7
40. Ra6 Nd8 41. Rxa5 Rb6 42. Bb5 Nb7 43. Bc4+ Kf6 44. Re5 g5 45. h5 gxf4 46.
exf4 Nd8 47. Ke2 Rd6 48. Ra5 Nc6 49. Ra8 e5 50. Rh8 Ke7 51. Rh7+ Kd8 52. Ke3 e4
53. f3 Nd4 54. fxe4 Nc2+ 55. Kf3 Nd4+ 56. Kf2 fxe4 57. Ke3 Nf5+ 58. Kxe4 Ng3+
59. Ke5 Rd2 60. Rxh6 Rxa2 61. Rh8+ Ke7 62. h6 Rh2 63. Rh7+ Kf8 64. f5 Rh5 65.
Be6 1-0

[Event "Elit(Eksjo-Team Viking)"]
[Site "?"]
[Date "2012.01.15"]
[Round "6"]
[White "Vernersson, Per"]
[Black "Cramling, Pia"]
[Result "1/2-1/2"]
[WhiteElo "2454"]
[BlackElo "2540"]
[PlyCount "70"]
[EventDate "2012.??.??"]

1. d4 d5 2. c4 c6 3. Nf3 Nf6 4. Nc3 dxc4 5. a4 Bf5 6. Ne5 Na6 7. e3 Nb4 8. Bxc4
e6 9. O-O Be7 10. Qe2 Bc2 11. Na2 Nxa2 12. Rxa2 Bb1 13. Ra1 Bg6 14. b3 Nd7 15.
Nxd7 Qxd7 16. Bb2 f5 17. f4 O-O 18. Ba3 Rfd8 19. Bxe7 Qxe7 20. a5 Bf7 21. Qb2
c5 22. Qa3 Rac8 23. Rac1 Kf8 24. Rfd1 cxd4 25. Qxe7+ Kxe7 26. exd4 Rd6 27. Kf2
Be8 28. Ke3 Bc6 29. Be2 Rdd8 30. g3 Bd5 31. Bc4 Kd6 32. Kd3 Be4+ 33. Ke3 Bd5
34. Kd3 Be4+ 35. Ke3 Bd5 1/2-1/2

[Event "Elit(Eksjo-Team Viking)"]
[Site "?"]
[Date "2012.01.15"]
[Round "6"]
[White "Berg, Emanuel"]
[Black "Ornstein, Axel"]
[Result "1-0"]
[WhiteElo "2569"]
[BlackElo "2444"]
[PlyCount "59"]
[EventDate "2012.??.??"]

1. e4 e5 2. Nf3 Nc6 3. Bb5 a6 4. Ba4 Nf6 5. O-O Be7 6. Re1 b5 7. Bb3 O-O 8. h3
Bb7 9. d3 d6 10. c3 Na5 11. Bc2 c5 12. Nbd2 Re8 13. Nf1 h6 14. Ng3 Bf8 15. d4
cxd4 16. cxd4 exd4 17. Nxd4 Nc6 18. Nxc6 Bxc6 19. Bf4 Qb6 20. Be3 Qb7 21. Bd4
Nd7 22. b4 d5 23. e5 Bxb4 24. Qg4 Nf8 25. e6 fxe6 26. Nh5 Re7 27. Bxg7 Rxg7 28.
Nxg7 Bxe1 29. Nf5+ Kh8 30. Qd4+ 1-0

[Event "Elit(Eksjo-Team Viking)"]
[Site "?"]
[Date "2012.01.15"]
[Round "6"]
[White "Malesevic, Nedeljko"]
[Black "Semcesen, Daniel"]
[Result "1/2-1/2"]
[WhiteElo "2362"]
[BlackElo "2472"]
[PlyCount "77"]
[EventDate "2012.??.??"]

1. d4 d5 2. Nf3 Nf6 3. c4 dxc4 4. e3 Bg4 5. Bxc4 e6 6. O-O a6 7. h3 Bh5 8. Be2
Nc6 9. b3 Bd6 10. Bb2 O-O 11. Ne5 Bxe2 12. Qxe2 Ne7 13. Nd2 c6 14. Ndc4 Bc7 15.
Ba3 Re8 16. Rfd1 Nfd5 17. Rac1 f6 18. Nd3 Ng6 19. Qg4 Rb8 20. Nc5 f5 21. Qe2 e5
22. dxe5 Nxe5 23. Nxe5 Bxe5 24. Bb2 Qd6 25. Bxe5 Rxe5 26. Qb2 Re7 27. Qc2 Rf8
28. Nd3 Qg6 29. Qc5 Re4 30. Rc4 Qf6 31. Nb4 Nxb4 32. Qxb4 Rxc4 33. Qxc4+ Qf7
34. Qxf7+ Rxf7 35. Rd8+ Rf8 36. Rd7 Rf7 37. Rd8+ Rf8 38. Rd7 Rf7 39. Rd8+
1/2-1/2

[Event "Elit(Eksjo-Team Viking)"]
[Site "?"]
[Date "2012.01.15"]
[Round "6"]
[White "Lindberg, Bo"]
[Black "Thornert, Hakan"]
[Result "1-0"]
[WhiteElo "2464"]
[BlackElo "2260"]
[PlyCount "113"]
[EventDate "2012.??.??"]

1. d4 d5 2. Nf3 Nc6 3. c4 e5 4. Nxe5 Nxe5 5. dxe5 d4 6. Nd2 Ne7 7. Nf3 Nc6 8.
a3 Bg4 9. Bf4 Be7 10. h3 Bf5 11. e3 g5 12. Bg3 dxe3 13. fxe3 Bc5 14. Qxd8+ Rxd8
15. Kf2 a5 16. Be2 h6 17. Rhd1 Ke7 18. e6 Bxe6 19. Bxc7 Rxd1 20. Rxd1 Rc8 21.
Bh2 a4 22. Nd4 Na5 23. Nxe6 fxe6 24. Be5 Rf8+ 25. Ke1 Nc6 26. Bd4 Bd6 27. Bf3
Ne5 28. c5 Nxf3+ 29. gxf3 Bg3+ 30. Ke2 e5 31. Bc3 e4 32. Rf1 Ke6 33. Bg7 Rc8
34. Rc1 Be5 35. Bxe5 Kxe5 36. Rc4 exf3+ 37. Kxf3 Ra8 38. Rb4 Ra7 39. Kg4 Kd5
40. Kh5 Kxc5 41. Kxh6 b5 42. e4 Re7 43. Kxg5 Re5+ 44. Kf4 Rh5 45. Kg4 Re5 46.
h4 Kd6 47. Rd4+ Ke6 48. Kf3 Rh5 49. Rd5 Rxh4 50. Rxb5 Rh2 51. Ke3 Kd6 52. Kd4
Kc6 53. Rb4 Re2 54. Kc3 Re3+ 55. Kd2 Rh3 56. Rxa4 Rh2+ 57. Kc3 1-0

[Event "Elit(Eksjo-Team Viking)"]
[Site "?"]
[Date "2012.01.15"]
[Round "6"]
[White "Krantz, Christopher"]
[Black "Sagit, Rauan"]
[Result "1/2-1/2"]
[WhiteElo "2351"]
[BlackElo "2432"]
[PlyCount "117"]
[EventDate "2012.??.??"]

1. e4 c5 2. Nc3 d6 3. f4 e6 4. Nf3 a6 5. Be2 Be7 6. O-O Nf6 7. Qe1 O-O 8. d3
Nc6 9. Nd1 c4 10. Nf2 cxd3 11. Bxd3 e5 12. f5 d5 13. Bg5 dxe4 14. Nxe4 Bxf5 15.
Nxf6+ Bxf6 16. Bxf6 Qxf6 17. Nxe5 Qxe5 18. Qxe5 Nxe5 19. Bxf5 Rad8 20. Rfe1
Rfe8 21. Rad1 f6 22. Be4 b6 23. b3 Kf8 24. Bb7 a5 25. c4 Ke7 26. h3 h6 27. Bd5
Rd7 28. Kf2 Red8 29. Ke3 Kf8 30. Ke2 Rd6 31. Be4 Ke7 32. Rxd6 Rxd6 33. Rd1 Rxd1
34. Kxd1 Kd6 35. Kd2 Nd7 36. Kc3 Nc5 37. Ba8 f5 38. a3 Ne6 39. b4 axb4+ 40.
axb4 g5 41. Bd5 Nf4 42. Ba8 h5 43. Kd4 Ne6+ 44. Ke3 Ke5 45. Bf3 h4 46. Bd1 Nc7
47. c5 bxc5 48. bxc5 Na6 49. c6 Nb4 50. Ba4 g4 51. hxg4 fxg4 52. Kf2 Kd6 53.
Bd1 Nd3+ 54. Ke3 g3 55. Bg4 Nf2 56. Bd7 h3 57. Bxh3 Kxc6 58. Kf3 Nh1 59. Bc8
1/2-1/2

[Event "Elit(Rockaden,Umea-Rockaden,Sthlm)"]
[Site "?"]
[Date "2012.01.15"]
[Round "6"]
[White "Blomqvist, Erik"]
[Black "Forsberg, Viktor"]
[Result "1-0"]
[WhiteElo "2514"]
[BlackElo "2314"]
[PlyCount "75"]
[EventDate "2012.??.??"]

1. Nf3 Nf6 2. c4 g6 3. g3 Bg7 4. Bg2 O-O 5. O-O d6 6. d4 Nbd7 7. Nc3 e5 8. e4
c6 9. h3 Qa5 10. Be3 exd4 11. Nxd4 Ne5 12. Qe2 c5 13. Ndb5 Be6 14. Nd5 Bxd5 15.
exd5 Ne8 16. Bd2 Qd8 17. a4 a6 18. Nc3 f5 19. f4 Nd7 20. g4 Bd4+ 21. Kh2 Ng7
22. g5 Re8 23. Qd3 h6 24. h4 hxg5 25. hxg5 Kf7 26. Bf3 Rh8+ 27. Kg2 Ne8 28. Ne2
Bg7 29. Ng3 Nc7 30. Rh1 Rxh1 31. Rxh1 Nf8 32. Bc3 Bxc3 33. Qxc3 Ne8 34. Nxf5
gxf5 35. Bh5+ Kg8 36. Bxe8 Qxe8 37. Rh8+ Kf7 38. Qf6# 1-0

[Event "Elit(Rockaden,Umea-Rockaden,Sthlm)"]
[Site "?"]
[Date "2012.01.15"]
[Round "6"]
[White "Wickstrom, Lucas"]
[Black "Karlsson, Lars"]
[Result "1-0"]
[WhiteElo "2344"]
[BlackElo "2542"]
[PlyCount "67"]
[EventDate "2012.??.??"]

1. d4 e6 2. Nf3 f5 3. g3 Nf6 4. Bg2 d5 5. O-O Be7 6. c4 O-O 7. Nc3 c6 8. Bf4
Nh5 9. e3 Nd7 10. Re1 dxc4 11. Nd2 Nxf4 12. gxf4 Nb6 13. Qe2 Kh8 14. Nxc4 Nxc4
15. Qxc4 Bd6 16. Na4 g5 17. fxg5 f4 18. exf4 Rxf4 19. Nc5 Qxg5 20. Ne4 Rxe4 21.
Rxe4 Bd7 22. h3 e5 23. Re3 e4 24. Rae1 Rf8 25. Qe2 Bf4 26. Rb3 Be6 27. Rxb7
Bxh3 28. Qxe4 Bf5 29. Qf3 Qh6 30. d5 Qh2+ 31. Kf1 Be5 32. dxc6 Bd4 33. Qxf5
Rxf5 34. Re8+ 1-0

[Event "Elit(Rockaden,Umea-Rockaden,Sthlm)"]
[Site "?"]
[Date "2012.01.15"]
[Round "6"]
[White "Barkhagen, Jonas"]
[Black "Engman, Rickard"]
[Result "1-0"]
[WhiteElo "2503"]
[BlackElo "2251"]
[PlyCount "51"]
[EventDate "2012.??.??"]

1. d4 Nf6 2. c4 e6 3. Nf3 b6 4. e3 Bb7 5. Bd3 d5 6. O-O Bd6 7. Nc3 O-O 8. b3
Nbd7 9. Bb2 Re8 10. Nb5 Bf8 11. Qe2 a6 12. Nc3 g6 13. e4 dxe4 14. Nxe4 Nxe4 15.
Bxe4 Bxe4 16. Qxe4 Bg7 17. Qc6 Nf6 18. Ne5 Qd6 19. Qf3 b5 20. Rad1 bxc4 21.
bxc4 Qe7 22. Ba3 Qd8 23. g4 h6 24. h4 Bf8 25. Bb2 Qe7 26. Nc6 1-0

[Event "Elit(Rockaden,Umea-Rockaden,Sthlm)"]
[Site "?"]
[Date "2012.01.15"]
[Round "4"]
[White "Malmstig, Erik"]
[Black "Hermansson, Emil"]
[Result "0-1"]
[WhiteElo "2334"]
[BlackElo "2445"]
[PlyCount "98"]
[EventDate "2012.??.??"]

1. Nf3 Nf6 2. g3 d5 3. Bg2 g6 4. O-O Bg7 5. c4 dxc4 6. Qa4+ Nfd7 7. Qxc4 Nb6 8.
Qh4 Nc6 9. Nc3 h6 10. g4 e5 11. Qg3 O-O 12. d3 Re8 13. Ne1 Nd4 14. f4 Na4 15.
Qf2 Nxc3 16. bxc3 exf4 17. e3 Nb5 18. Qxf4 Qe7 19. Kh1 Nxc3 20. Ba3 Qe6 21. Bb2
Ne2 22. Qb4 Qxe3 23. Bxg7 Kxg7 24. Nf3 Qe7 25. Qb2+ Qf6 26. d4 Nf4 27. Ne5 g5
28. Rae1 Qb6 29. Qc2 Qxd4 30. Nc6 Qd7 31. Qc3+ Kh7 32. Rxe8 Qxe8 33. Re1 Be6
34. Be4+ Kg8 35. Nd4 c6 36. Nf5 Bxf5 37. Bxf5 Qd8 38. Be4 Qd6 39. Qb3 Qd2 40.
Qb1 Rd8 41. Bh7+ Kg7 42. Be4 Rd6 43. Rf1 b5 44. Bf3 b4 45. Qf5 Qe3 46. Be4 Re6
47. Qh7+ Kf8 48. Bf3 Qxf3+ 49. Rxf3 Re1+ 0-1

[Event "Elit(Rockaden,Umea-Rockaden,Sthlm)"]
[Site "?"]
[Date "2012.01.15"]
[Round "6"]
[White "Bator, Robert"]
[Black "Eriksson, Jorgen"]
[Result "1-0"]
[WhiteElo "2493"]
[BlackElo "2246"]
[PlyCount "93"]
[EventDate "2012.??.??"]

1. d4 d5 2. c4 c6 3. Nf3 Nf6 4. Nc3 a6 5. c5 Nbd7 6. Bf4 Nh5 7. Bd2 Nhf6 8. h3
g6 9. e3 Bg7 10. b4 O-O 11. Be2 e5 12. O-O Qe7 13. Qb3 Ne4 14. Nxe4 dxe4 15.
Nxe5 Nxe5 16. dxe5 Qxe5 17. Rac1 Be6 18. Bc4 Bxc4 19. Rxc4 Qe6 20. Bc3 Bxc3 21.
Qxc3 Rad8 22. Rd4 Qxa2 23. Rxe4 f5 24. Rd4 Rxd4 25. Qxd4 Qd5 26. Qxd5+ cxd5 27.
Rd1 Rd8 28. g4 f4 29. exf4 Kf7 30. Rd4 Ke6 31. Kf1 b6 32. cxb6 Rb8 33. Ke2 Rxb6
34. Ke3 Rb5 35. h4 a5 36. bxa5 Rxa5 37. Rd3 Ra6 38. Kf3 Ra4 39. Rb3 Ra6 40.
Re3+ Kd6 41. f5 gxf5 42. gxf5 Ra7 43. Re6+ Kc5 44. f6 Rd7 45. Kf4 d4 46. Re7
Rd6 47. Re5+ 1-0

[Event "Elit(Rockaden,Umea-Rockaden,Sthlm)"]
[Site "?"]
[Date "2012.01.15"]
[Round "6"]
[White "Nygren, David"]
[Black "Hedman, Erik"]
[Result "1-0"]
[WhiteElo "2194"]
[BlackElo "2444"]
[PlyCount "67"]
[EventDate "2012.??.??"]

1. e4 c5 2. c3 d6 3. d4 Nf6 4. Bd3 g6 5. Nf3 Bg7 6. O-O O-O 7. h3 Qc7 8. Re1
Rd8 9. a4 Nc6 10. Na3 d5 11. Nb5 Qb8 12. e5 Ne8 13. Bf4 a6 14. Na3 Nc7 15. e6
Bxe6 16. Ng5 cxd4 17. Qf3 Bf6 18. Nxh7 Kxh7 19. Qh5+ Kg7 20. Qh6+ Kg8 21. Bxg6
fxg6 22. Qxg6+ Kh8 23. Qh6+ Kg8 24. Qg6+ Bg7 25. Bh6 Ne8 26. Qxe6+ Kf8 27. Qf5+
Nf6 28. Rxe7 Nxe7 29. Qxf6+ Ke8 30. Qxg7 Qd6 31. Re1 Kd7 32. Qg4+ Kc6 33. Re6
dxc3 34. bxc3 1-0

[Event "Elit(Rockaden,Umea-Rockaden,Sthlm)"]
[Site "?"]
[Date "2012.01.15"]
[Round "6"]
[White "Zadruzny, Nicolaj"]
[Black "Mardell, Jimmy"]
[Result "1-0"]
[WhiteElo "2342"]
[BlackElo "2180"]
[PlyCount "155"]
[EventDate "2012.??.??"]

1. d4 Nf6 2. Nc3 d5 3. Bg5 e6 4. e4 Be7 5. e5 Nfd7 6. h4 O-O 7. Bd3 c5 8. Nf3
cxd4 9. Nb5 f6 10. exf6 Nxf6 11. Nbxd4 Nc6 12. Qe2 Nxd4 13. Nxd4 Qd6 14. Nf3
Bd7 15. O-O-O a6 16. Rhe1 Rae8 17. g3 b5 18. Ne5 Bd8 19. Bf4 Qb6 20. g4 Bc8 21.
Be3 Qc7 22. Bd4 Bb7 23. g5 Ne4 24. Qh5 g6 25. Nxg6 Qf7 26. f3 Qxg6 27. Qxg6+
hxg6 28. fxe4 Rf4 29. Be5 Rxh4 30. exd5 Bxg5+ 31. Kb1 exd5 32. Bxg6 Re7 33. a3
d4 34. Bg3 Rxe1 35. Rxe1 Rg4 36. Bf2 Bf6 37. Bf5 Rf4 38. Be6+ Kg7 39. Rg1+ Kf8
40. Bg3 Ke7 41. Bxf4 Kxe6 42. Kc1 a5 43. Kd2 a4 44. Rg8 Bd5 45. Rb8 Bc6 46. Rb6
Kd5 47. Kd3 Kc5 48. Rb8 Kd5 49. Rf8 Ke6 50. Rb8 Kd5 51. Rg8 Ke6 52. Bh6 Kd5 53.
Rg4 Ke6 54. Rg1 Kf5 55. Rf1+ Ke5 56. Re1+ Kd5 57. Rg1 Ke6 58. Bg7 Be7 59. Bxd4
b4 60. axb4 Bxb4 61. Rg6+ Kd7 62. Kc4 Bd6 63. Rg7+ Ke6 64. Rg6+ Kd7 65. Bc5 Be5
66. c3 Be4 67. Ra6 Bc2 68. Kd5 Bc7 69. Ra7 Kc8 70. c4 Bd1 71. Bd6 Bb6 72. Rf7
Bc2 73. Kc6 Bd8 74. Rf4 Bg6 75. c5 Be8+ 76. Kd5 Kb7 77. Rb4+ Ka6 78. c6 1-0

[Event "Elit(Rockaden,Umea-Rockaden,Sthlm)"]
[Site "?"]
[Date "2012.01.15"]
[Round "6"]
[White "Lindgren, Fredrik"]
[Black "Engqvist, Thomas"]
[Result "1/2-1/2"]
[WhiteElo "2199"]
[BlackElo "2426"]
[PlyCount "114"]
[EventDate "2012.??.??"]

1. d4 d5 2. Nf3 c6 3. g3 Bf5 4. Bg2 e6 5. O-O Nd7 6. Nbd2 Ngf6 7. c4 h6 8. b3
Bd6 9. Bb2 Qb8 10. Qc1 O-O 11. Re1 Bh7 12. Qc3 b5 13. c5 Bc7 14. b4 a5 15. a3
Ne4 16. Nxe4 Bxe4 17. Ne5 Nxe5 18. dxe5 Bxg2 19. Kxg2 f6 20. exf6 Rxf6 21. e4
Qf8 22. Qe3 Rg6 23. exd5 exd5 24. Qe7 Qxe7 25. Rxe7 Bf4 26. bxa5 Bg5 27. Rb7
Bf6 28. Bxf6 Rxf6 29. Re1 Rxa5 30. Ree7 Rg6 31. h4 h5 32. Rb8+ Kh7 33. Re5 Rh6
34. Rb7 Rxa3 35. Rg5 Rg6 36. Rxh5+ Kg8 37. Rb6 Rf6 38. f4 Rc3 39. Rg5 Rc2+ 40.
Kf3 Rxc5 41. h5 Rc3+ 42. Kg4 Re3 43. Rg6 Ree6 44. f5 Re7 45. Rxc6 Rxc6 46. Rxc6
Rb7 47. Rc3 b4 48. Rb3 Kf7 49. Kf4 Kf6 50. g4 d4 51. g5+ Ke7 52. f6+ Kf7 53.
fxg7 Kxg7 54. Ke4 Rb5 55. h6+ Kg6 56. Kxd4 Rxg5 57. Rxb4 Rg4+ 1/2-1/2